000 00644nam a2200229Ia 4500
003 OSt
005 20220925204121.0
006 a|||||r|||| 00| 0
007 ta
008 220923b |||||||| |||| 00| 0 eng d
037 _cGeneral Book
040 _aRTL
_cRTL
_beng
041 _2eng
_aeng
082 _aX:77oay.1.N7, L7
100 _aGhai D P
_9267743
245 0 _aBasic needs approach to development
_b Some issues r
260 _aGeneva
_bI L O
_c1977
300 _av, 113p.
_ccm.
650 _aEconomic Development
_917300
942 _hX:77oay.1.N7, L7
_cGB
_2CC
999 _c548592
_d548592